Statystyki dla Wiedza Ogólna #2 -50 Pytań

Kliknij tutaj aby rozwiązać quiz!

Ogólne statystyki

  • Ten quiz został rozwiązany 7 872 razy
    (4 234 od ostatniego zresetowania)
  • Średni wynik to 23 z 50

Statystyki odpowiedzi

Lp.PytanieOdpowiedź% Poprawnych
1Czym jest "V" we wzorze Ek=(m*V^2)/2 ?Prędkość ciała
81%
10Jak nazywa się pierwiastek chemiczny o liczbie atomowej równej 1.Wodór
81%
25Którego pierwiastka chemicznego znajduje się najwięcej w powietrzu?Azot
76%
18Do jakiego kraju należy wyspa Grenlandia?Dania
75%
34Na jakie pytania odpowiada dopełniacz?Kogo? Czego?
72%
42Jak nazywa się największy ssak lądowy?Słoń
72%
4Zapisz liczę MMMCDLXXXVIII cyframi arabskimi.3488
69%
132*20-20/10-9+8=??37
68%
46Jakiego kontynentu dotyczy organizacja ASEAN?Azja
68%
33Jak na imię mieli główni bohaterowie powieści "W Pustyni i w Puszczy"Nel i Staś
68%
35Na jakim kontynencie znajduje się Tonga?Australia i Oceania
67%
7Jakiej figury przestrzennej dotyczy wzór V=1/3Pp*HOstrosłup / Stożek
67%
43Jaką wspólną nazwę noszą konsole do gier video wypuszczane przez firmę Sony?PlayStation
66%
12Z jakiego kraju pochodzi marka samochodów KIA?Korea Południowa
64%
23Jaką nazwę nosi województwo o najmniejszej powierzchni?Województwo Opolskie
63%
22Jakie kolory widnieją na fladze Litwy?Żółty, Zielony, Czerwony
63%
40127 kilogramów ile to miligramów?127 000 000
62%
2Czego dotyczy wyżej wymieniony wzór?Energia kinetyczna
62%
28Jak nazywa się najmniej zasolone morze na świecie?Morze Bałtyckie
59%
41Jak nazywa się rodzaj pamięci urządzenia elektronicznego z którego można jedynie odczytywać dane?ROM
58%
32Jak nazywamy harmonie naśladowczą, wyraz dźwiękonaśladowczy?Onomatopeja
55%
45Jaką nazwę nosi stolica Australii?Canberra
52%
11Jak nazywamy elektron znajdujący się na ostatniej, najbardziej zewnętrznej powłoce atomu?Elektron walencyjny
51%
8Nazywany Podatkiem od Wartości Dodanej.VAT
51%
39Ile sekund trwa doba?86400
50%
16Co oznacza skrót MSW?Ministerstwo Spraw Wewnętrznych
48%
47Jakiej wielkości fizycznej dotyczy wzór P=W/tMoc
47%
29Podaj pełną datę wstąpienia Polski do Unii Europejskiej1 maja 2004 roku
44%
31Napisz całą pierwszą zwrotkę Mazurka Dąbrowskiego.Jeszcze Polska nie zginęła, Kiedy my żyjemy. Co nam obca przemoc wzięła, Szablą odbierzemy.
43%
15Dyktatorem jakiego kraju był Nicolae Ceaușescu?Rumunia
39%
14Jak nazywa się stolica Indonezji?Dżakarta
38%
26Napisz cały polski alfabet (w kolejności bez Q, V oraz X).A Ą B C Ć D E Ę F G H I J K L Ł M N Ń O Ó P R S Ś T U W Y Z Ź Ż
36%
24Jak potocznie nazywamy kwas o wzorze HCOOH?Kwas Mrówkowy
35%
19Kto zwyciężył w pierwszych mistrzostwach Europy w piłce nożnej?Związek Radziecki
33%
5Wypisz wszystkie liczebniki główne od jeden do dziesięciu w języku niemieckim. (W kolejności!)Eins, Zwei, Drei, Vier, Funf, Sechs, Sieben, Acht, Neun, Zehn
32%
44Ile centymetrów liczy jeden cal (w przybliżeniu do drugiego miejsca po przecinku)?2,54 cm
30%
48Jaki polski tytuł nosił utwór Elton'a John'a "Can you Feel the Love Tonight" z filmu Król Lew?Miłość Rośnie Wokół Nas
30%
37Jaki zawód wykonywał Jurek Kiler z filmu "Kiler"?Taksówkarz
26%
48Jakiej figury geometrycznej dotyczy wzór P = (e * f) / 2?Deltoid
25%
27Jak nazywa się półwysep na którym w większej części znajduje się Dania?Półwysep Jutlandzki
23%
36Dokończ tytuł komiksu -Przygody Galla .....Asterix
22%
6Jak nazywa się twórca takich filmów jak Ptaki oraz Zawroty Głowy (Vertigo)?Alfred Hitchcock
19%
50Jak w prawie bilansowym i podatkowym oznacza się koszt związany ze stopniowym zużywaniem się środków trwałych oraz wartości niematerialnych i prawnych?Amortyzacja
15%
17Jak nazywał się dyktator Powstania Listopadowego?Józef Chłopicki
15%
20Podaj nazwę ulicy będącej jednocześnie tytułem albumu zespołu The BeatlesAbbey Road
12%
9Co w powiedzeniu jest bliższe człowiekowi niż sukmana?Koszula
12%
21Jak naprawdę nazywa się obecny papież?Jorge Mario Bergoglio
11%
3Wymień oba księżyce Marsa.Deimos i Fobos
10%
30Jaki tytuł nosi hymn Stanów Zjednoczonych?Gwieździsty Sztandar
8%
49Jak początkowo w zamyśle jego twórcy miał nazywać się Mario z serii gier Super Mario?Mr. Video/Jumpman
3%

Rozkład punktacji

Percentyl według liczby udzielonych odpowiedzi

Procent ludzi z każdym wynikiem

Twoja historia wyników

Nie rozwiązałeś tego quizu od ostatniego zresetowania